000 00566nam a2200181 i 4500
001 80054
003 ES-MaACL
007 t|
008 041026s1977 sp ||||1| spa d
100 1 _aHewer, C. Langton.
_963510
245 1 0 _aRecientes avances en anestesia y analgesia /
_cR.S. Atkinson ; versión, Arcadi Abelló Virgili.
250 _a[1ª ed.].
260 _aBarcelona :
_bJims,
_c[1977]
300 _aXI, 317 p. :
_bil. ;
_c23 cm.
700 1 _aAtkinson, R. S.
_923757
700 1 _aAbelló Virgili, Arcadi.
_918081
852 _aES-MaACL
_jL-3637
_bR.103603
999 _c80054
_d80054